00777nam a22002177a 4500003000400000005001700004008004100021022001300062040001800075082001500093110003400108245008200142260003100224300001500255440006600270440006100336440004000397650007100437650002700508650002400535OSt20240705102328.0240705b ||||| |||| 00| 0 eng d a09730052 cAIMIT LIBRARY a658 bRURM aInstitute of rural management aInternational journal of rural management /cBy Institute of rural management aNew Delhi :bSage ,c2014. bHBc23 cm. aInternational journal of rural managementvVol.10 No.1&2/2014 vVol.11 No.1&2/2015,Vol.12 No.1&2/2016,Vol.13 No.1&2/2017 vVol.8 No.1&2/2012,Vol.9 No.1&2/2013 aIssues of conservation and livelihood in a forest village of assam aMarketing facilitation aInterlocked markets